00251nam a2200097Ia 4500001000800000005001700008008004100025020001800066245005100084260001800135128742920260417164416.0260417s9999 xx 000 0 und d a9786256030695 0aMimar Sinan – Mimari Deha Üstad Koca Sinan bDokuz Çocuk